| 000 | 00651cab a2200205 4500 | ||
|---|---|---|---|
| 001 | ABS57070 | ||
| 008 | 090401t1997 xxu||||| |||| 00| 0 eng d | ||
| 035 | _a(Sirsi) u79336 | ||
| 041 | _aeng | ||
| 100 | _aMorris, P. | ||
| 245 | _aPaper weight | ||
| 260 | _c1997 | ||
| 350 | _a0 | ||
| 490 |
_aBuilding _v262(7996) 27 June 1997, 28-29(2) |
||
| 520 | _aDiscusses the case "VHE Construction v Alfred McAlpine Construction" which considered whether a contract had been formed between a main contractor and a subcontractor. | ||
| 650 | _aSUBCONTRACTOR | ||
| 690 | _aBUILT ENVIRONMENT-BUILDING CONTRACT FORMS | ||
| 942 | _n0 | ||
| 948 | _c01/07/1997 | ||
| 999 |
_c49862 _d49862 |
||